Score 0/28 Timer 04:00
1 Play Today
Hint Answer % Correct
Begins With 'S'Spain
95.3%
5 LettersSpain
95.3%
Begins With 'S'Sweden
91.4%
Begins With 'S'Switzerland
91.1%
Ends In 'D'Switzerland
91.1%
Ends In 'Y'Italy
90.3%
Begins With 'B'Belgium
90.3%
5 LettersItaly
90.3%
Begins With 'E'Estonia
89.4%
Begins With 'S'Slovakia
89.3%
Begins With 'S'Slovenia
88.2%
Ends In 'Y'Germany
87.9%
Ends In 'D'Finland
83.8%
Ends In 'D'Ireland
82.9%
Hint Answer % Correct
Ends In 'D'Iceland
81.3%
Begins With 'B'Belarus
81.1%
Begins With 'S'Serbia
79.4%
Ends In 'D'Poland
79.1%
Begins With 'B'Bulgaria
78.5%
Ends In 'Y'Hungary
76.6%
Ends In 'Y'Norway
75.9%
Begins With 'S'San Marino
74.1%
9 LettersSan Marino
74.1%
Begins With 'B'Bosnia and Herzegovina
72.2%
Ends In 'Y'Turkey
68.7%
5 LettersMalta
62.9%
Ends In 'Y'Vatican City
61%
9 LettersLithuania
50.5%
Remove Ads.
Support Sporcle.
Get the best of Sporcle when you Go Orange. This ad-free experience offers more features, more stats, and more fun while also helping to support Sporcle. Thank you for becoming a member.

You're not logged in!

Compare scores with friends on all Sporcle quizzes.
OR
Log In

Show Comments

Extras

Top Quizzes Today


Score Distribution

Your Account Isn't Verified!

In order to create a playlist on Sporcle, you need to verify the email address you used during registration. Go to your Sporcle Settings to finish the process.

Report this User

Report this user for behavior that violates our Community Guidelines.

Details: